Startup ako forma investovania a ich úloha v malej otvorenej ekonomike.

Podstata a mechanizmus fungovanie start-up spoločností a ich úloha najmä v malej ekonomike, kde patrí aj Slovensko.

Gespeichert in:
Bibliographische Detailangaben
1. Verfasser: Chovancová, Božena
Weitere Verfasser: Bukoven, Ján, 1960-
Format: Buchkapitel
Sprache:Slowakisch
Schlagworte:
Tags: Tag hinzufügen
Keine Tags, Fügen Sie das erste Tag hinzu!

MARC

LEADER 00000nla a2200000 4500
001 0210345
005 20240502073512.8
041 0 |a slo 
044 |a SK 
245 1 0 |a Startup ako forma investovania a ich úloha v malej otvorenej ekonomike.  |c Božena Chovancová, Ján Bukoven 
520 |a Podstata a mechanizmus fungovanie start-up spoločností a ich úloha najmä v malej ekonomike, kde patrí aj Slovensko. 
610 2 0 |a inovácia 
610 2 0 |a stratégia inovačná 
610 2 0 |a kapitál rizikový 
610 2 0 |a start-up 
100 1 |a Chovancová, Božena 
700 1 |a Bukoven, Ján, 1960-